Laufey - Slow Down Lyrics - Statistics

General Stats
  • This quiz has been taken 3 times
  • The average score is 98 of 117
Answer Stats
Answer % Correct
a
100%
apartment
100%
be
100%
Cooking
100%
dinner
100%
down
100%
even
100%
for
100%
getting
100%
grown
100%
has
100%
I
100%
I'm
100%
in
100%
In
100%
just
100%
life
100%
my
100%
now
100%
old
100%
older
100%
one
100%
own
100%
second
100%
Slow
100%
slow
100%
So
100%
spaghetti
100%
to
100%
too
100%
'20s
67%
about
67%
adolescence
67%
and
67%
ask
67%
Baby
67%
begun
67%
being
67%
but
67%
children
67%
don't
67%
drunk
67%
found
67%
futures
67%
give
67%
Going
67%
have
67%
it
67%
it's
67%
left
67%
little
67%
love
67%
married
67%
maybe
67%
me
67%
moment
67%
new
67%
of
67%
ones
67%
out
67%
parties
67%
somebody
67%
Someday
67%
state
67%
tell
67%
that
67%
their
67%
They'll
67%
they're
67%
Think
67%
think
67%
Though
67%
tired
67%
way
67%
wish
67%
won't
67%
would
67%
young
67%
וויו
0%
No matching quizzes found
Score Distribution
Percent of People with Each Score
Percentile by Number Answered
Your Score History
You have not taken this quiz